[Event "BAN Games Rapid 9th"]
[Site "Dhaka"]
[Date "2021.04.02"]
[Round "2.4"]
[White "Reefat, Bin Sattar"]
[Black "Uddin, Saif"]
[Result "0-1"]
[WhiteElo "2401"]
[BlackElo "1894"]
[PlyCount "92"]
[EventDate "2021.04.02"]
[EventType "swiss (rapid)"]
[EventRounds "9"]
[EventCountry "BAN"]
[SourceTitle "CBM 201 Extra"]
[Source "ChessBase"]
[SourceDate "2021.05.31"]
[SourceVersion "1"]
[SourceVersionDate "2021.05.31"]
[SourceQuality "1"]

1. e4 c5 2. Nf3 Nc6 3. Nc3 a6 4. d4 cxd4 5. Nxd4 d6 6. h3 Nf6 7. g4 e5 8. Nf5 h5 9. Rg1 hxg4 10. hxg4 Bxf5 11. exf5 Rh2 12. g5 Nd7 13. Be3 Qa5 14. a3 Ne7 15. Qf3 e4 16. Qf4 Qe5 17. 0-0-0 Nxf5 18. Rd5 Qxf4 19. Bxf4 Rxf2 20. Rxf5 g6 21. Nxe4 Rxf1+ 22. Rxf1 gxf5 23. Nxd6+ Bxd6 24. Bxd6 0-0-0 25. Rxf5 Nb6 26. Be7 Rh8 27. b3 Rh7 28. a4 Kd7 29. Bc5 Na8 30. Rf6 Nc7 31. Rd6+ Ke8 32. Bd4 Rh1+ 33. Kb2 Rd1 34. Kc3 Ne6 35. Rd5 Nxd4 36. Rxd4 Rg1 37. Rd5 Ke7 38. Kb4 Ke6 39. Rc5 Kd6 40. a5 Rg4+ 41. c4 Rf4 42. Rd5+ Kc6 43. Re5 Kd6 44. Re8 Rg4 45. Rg8 f5 46. Rg6+ Ke5 0-1